000 01569ngm a22003972a 4500
001 ocn758996785
005 20200320185807.0
007 vd cvaizs
008 111129s2011 cau073 b vleng d
010 _a758996785
020 _c$14.99
024 1 _a097368229747
028 4 2 _aPAR822974D
_bDreamWorks
037 _aDWA822974DD
_bwww.MicroMarketing.org 800-229-9887
_c$14.99
040 _dMM LLC
082 0 _a791.43/72
_223
245 0 4 _aThe penguins of Madagascar
_h[videorecording]:
_poperation blowhole.
246 _aOperation blowhole.
250 _aWidescreen ed.
260 _a[Hollywood, CA] :
_bDreamWorks,
_c2012.
300 _a1 videodisc (ca. 73 min.) :
_bsd., col. ;
_c4 3/4 in.
500 _a01/10/2012.
511 1 _aNeil Patrick Harris.
520 _aSkipper and the Penguins face off against their sinister nemesis, Dr. Blowhole, and must put a stop to his diabolical plans for revenge! It's a Bond spoof of Penguins proportions! Includes three Dr. Blowhole episodes and six original musical numbers.
521 8 _aMWT rating: NR.
538 _aDVD.
546 _aEnglish, French, Spanish audio; English, French, Spanish subtitles.
546 _aClosed-captioned.
650 4 _aPenguins
_vChildren's films.
_95869536
650 4 _aAnimated.
_95869537
655 4 _aChildren's.
_95869538
700 1 _aHarris, Neil Patrick.
_95801482
942 _cDVD
_0202
948 _a02/29/2012
_zSirsi
996 _a88991
_b34301001063652
_cEDVD
_dDVD
_ewcl
_fo
_g202
_h14.95
_lmicro
_mPen
_p02/29/2012
_q01/31/2020
_r03/13/2020
999 _c277191
_d277191